Río sagrado /
Guardado en:
| Autor Principal: | |
|---|---|
| Formato: | Libro |
| Publicado: |
Barcelona :
Emecé,
1994
|
| Materias: | |
| Etiquetas: |
Agregar Etiqueta
Sin Etiquetas, Sea el primero en etiquetar este registro!
|
| LEADER | 00593nam a22002175a 4500 | ||
|---|---|---|---|
| 001 | CEM.cems016904 | ||
| 005 | 20121123131043.0 | ||
| 008 | 130507s1994##################000#0#####d | ||
| 003 | CEMS | ||
| 020 | |a 8478881875 | ||
| 082 | 0 | 4 | |a 813.4 |
| 100 | 1 | |a Smith, Wilbur | |
| 245 | 1 | 0 | |a Río sagrado / |c Wilbur Smith |
| 260 | |a Barcelona : |b Emecé, |c 1994 | ||
| 300 | |a 695 p. | ||
| 653 | |a Literatura | ||
| 653 | |a Literatura norteamericana | ||
| 653 | |a Literatura eeuu | ||
| 653 | |a Novelas | ||
| 653 | |a Novela norteamericana | ||
| 859 | |a CEMS |b BIB. CEMS - Agricultura |h 813.4 |i Sm511 |p A19689.98 |t Ej.1 |v 1 |3 Vol. 1 | ||
